La déclaration d'amour - France Gall - Statistiques

Statistiques générales
  • Ce quiz a été pris 85 fois
  • Le résultat moyen est 214 sur 243
Statistiques - réponses
Hint Réponse % Correct
de
100%
je
100%
Je
100%
Couplet 1 | Couplet 1 (bis) | Couplet 2 Quand
100%
quand
100%
bas
98%
déclaration,
98%
déclaration.
98%
déclaration
98%
déclaration.)
98%
fais
98%
ma
98%
suis
98%
te
98%
tout
98%
Une
98%
une
98%
Chœur (Une
98%
bras
97%
dans
97%
et
97%
que
97%
rêve
97%
me
95%
seule
95%
tes
95%
91%
là.
91%
peux
91%
rêver
91%
tu
91%
pas
90%
es
88%
les
88%
d'amour
86%
moi
86%
mots
86%
ne
86%
à
84%
près
84%
jours
83%
nous
83%
ou
83%
parle
83%
pour
83%
C'est
81%
tous
81%
dire
79%
parler
79%
mais
78%
ça
76%
deux
76%
Deux
76%
Refrain Juste
76%
n'es
76%
toi
76%
toi,
76%
chanson
74%
trois
74%
t'aime
72%
jamais
71%
bien
69%
m'imaginer
69%
sens
69%
mettre
67%
n'oserai
67%
inventer
66%
J'aime
66%
pourrai
66%
voudrais
66%
des
62%
tant
62%
mieux
60%
dis
59%
pense
59%
veux
59%
avec
55%
rien
45%
n'écoutes
38%
souvenirs
36%
images
34%
triste,
33%
souris
29%
voyages
29%
Aucun quiz correspondant
Distribution des résultats
% des personnes avec chaque résultat
Percentile par nombre de réponses
Votre historique - résultats
Vous n’avez pas pris ce quiz